• 首页
  • 本馆介绍
  • 公告通知
  • 最新文献
  • 馆藏检索
  • 电子资源
  • 读者荐购
  • 参考咨询
  • CALIS
  • 我的图书馆
  • 登录
  • 详细信息显示
  • 放入我的书架
  • 预约/预借图书
  • 作者相关作品
  • 分类相关作品
  • 丛书相关作品
  • 出版社相关作品

书目信息

  • 表格格式
  • 工作单格式
  • 卡片格式
题名:
电器设备与电力线路典型操作票 工作票200例
    
 
作者: 王晴 编
分册:  
出版信息: 北京   中国电力出版社  2005.03
页数: 329页
开本: 20cm
丛书名:
单 册:
中图分类: TM08
科图分类:
主题词: 电工--安全
电子资源:
ISBN: 7-5083-2913-9
 
 
 
 
 
000 00583nam0 2200181 450
001 0553037150
005 20050615090104.48
010    @a7-5083-2913-9@dCNY 33.00
100    @a20050530d2005 km y0chiy0120 ea
101 0  @achi
200 1  @a电器设备与电力线路典型操作票 工作票200例@Adian qi she bei yu dian li xian lu dian xing cao zuo piao gong zuo piao 200 li@f王晴编@Fwang qing bian
210    @a北京@c中国电力出版社@d2005.03
215    @a329页@d20cm
606 0  @a电工@x安全
690    @aTM08@v4
701  0 @a王晴@Awang qing@4编
801  0 @aCN@bPFT@c20050615
905    @a10447@dTM08@eW312
    
    电器设备与电力线路典型操作票 工作票200例/王晴编.-北京:中国电力出版社,2005.03
    329页;20cm
    
    
    ISBN 7-5083-2913-9:CNY 33.00
    
●
相关链接 在E读中查询图书 在当当中查询图书 在豆瓣中查询图书


正题名:电器设备与电力线路典型操作票 工作票200例     索取号:TM08/W312         预约/预借

序号 登录号 条形码 馆藏地/架位号 状态 备注
1 533995   205339953   自科二线404/404自科库 17排4列4层/ [索取号:TM08/W312] 在馆    
2 533996   205339962   自科二线404/404自科库 17排4列4层/ [索取号:TM08/W312] 在馆    
3 533997   205339971   自科二线404/404自科库 17排4列3层/ [索取号:TM08/W312] 在馆    
4 533998   205339980   自科库301/301自科库 6排1列5层/ [索取号:TM08/W312] 在馆    
5 533999   205339999   自科库301/301自科库 6排1列5层/ [索取号:TM08/W312] 在馆    
河南城建学院图书馆 欢迎您!
大连网信软件有限公司© 版权所有